[Event "15th Governor Cup 2019"]
[Site "Khanty-Mansiysk"]
[Date "2019.11.20"]
[Round "3.7"]
[White "Ponkratov, Pavel"]
[Black "Savitskiy, Sergey"]
[Result "0-1"]
[WhiteElo "2619"]
[BlackElo "2396"]
[Annotator "TA"]
[PlyCount "62"]
[EventDate "2019.11.19"]
[EventType "swiss"]
[EventCountry "RUS"]
[SourceTitle "playchess.com"]
[Source "ChessBase"]
[SourceQuality "1"]

{[%evp 13,70,45,33,31,43,21,36,48,23,-10,0,-17,30,2,13,0,0,0,23,0,0,0,0,-36,-21,-71,-83,-75,-87,-94,-29,-249,-259,-243,-255,-285,-280,-468,-447,-466,-458,-466,-421,-421,-262,-440,-452,-465,-421,-403,-339,-685,-656,-908,-852,-779,-802,-29993,-29994]} 1. d4 d5 2. c4 dxc4 3. e4 Nf6 4. e5 Nd5 5. Bxc4 Nb6 6. Bd3 Nc6 7. Ne2 Bg4 8. f3 {D20: Queen's Gambit Accepted: 3 e3 and 3 e4} Bh5 9. Nbc3 (9. Be4 e6 10. O-O Bg6 11. Be3 Be7 12. a3 Bxe4 13. fxe4 Bg5 14. Bf2 O-O 15. Qc2 f5 16. exf6 Rxf6 {½-½ (39) Grischuk,A (2782)-Caruana,F (2799) Saint Louis 2017}) 9... e6 10. Be3 {White is slightly better.} Qd7 11. a4 Nb4 12. Be4 N6d5 13. Bf2 a5 14. h4 $146 ({Predecessor:} 14. O-O Be7 15. Qd2 Bg6 {½-½ (47) Risting,E (2281)-Percivaldi,M (2393) Stockholm 2018}) 14... f6 15. O-O O-O-O 16. Bxd5 exd5 17. Nf4 Bf7 18. Re1 Qf5 19. Qd2 {[#]} g5 $1 {[%cal Rg5f4]} 20. Nfe2 Rg8 ({Don't play} 20... fxe5 $6 21. dxe5 Qd3 22. Qc1 $14 (22. Qxg5 Rg8 $14)) 21. Nb5 gxh4 ({Of course not} 21... fxe5 $6 22. dxe5 gxh4 23. Bxh4 $11) (21... c6 $17 22. hxg5 cxb5 23. axb5 fxg5 24. Rxa5 Qd3 25. Rc1+ Kd7) 22. Qf4 $2 (22. Bxh4 $11 {and White is okay.} Qxf3 23. Bg3) 22... Qxf4 $19 23. Nxf4 {Threatens to win with e6.} Bh6 24. Nh3 Be6 {White must now prevent ...Bxh3.} 25. Kh2 $2 (25. Kf1 {was the only defense.} Rdf8 26. Ra3) 25... Bxh3 26. Kxh3 Nd3 $1 {[%csl LRb2,LRe1,LRf2][%mdl 64] [#] Double Attack} 27. Bxh4 Nf4+ {[%mdl 64] Double Attack} 28. Kh2 Rxg2+ 29. Kh1 Bg5 30. Rec1 c6 31. Nd6+ Kb8 {Played: Kc8-d7} 0-1

[Event "15th Governor Cup 2019"]
[Site "Khanty-Mansiysk"]
[Date "2019.11.20"]
[Round "3.8"]
[White "Frolyanov, Dmitry"]
[Black "Guseva, Marina"]
[Result "1-0"]
[WhiteElo "2556"]
[BlackElo "2366"]
[Annotator "TA"]
[PlyCount "45"]
[EventDate "2019.11.19"]
[EventType "swiss"]
[EventCountry "RUS"]
[SourceTitle "playchess.com"]
[Source "ChessBase"]
[SourceQuality "1"]

{[%evp 10,49,30,11,20,25,17,8,56,62,95,79,169,158,163,71,62,50,135,162,204,203,269,257,279,258,462,467,660,558,683,676,1265,1246,1172,1153,29986,29987,29987,29988,29988,5702]} 1. e4 c6 2. Nc3 d5 3. Nf3 Bg4 4. h3 Bxf3 5. Qxf3 e6 6. Be2 Nf6 {B11: Caro-Kann: Two Knights Variation} 7. O-O Bc5 8. Rd1 d4 $146 {The position is equal.} ({Predecessor:} 8... Bd4 9. Qf4 e5 10. Qg3 dxe4 11. d3 exd3 12. Bxd3 Nbd7 13. Ne2 O-O 14. Bf5 Nc5 15. Bh6 Nh5 16. Qg4 Qd6 17. Qxh5 Qxh6 18. Qxh6 gxh6 19. c3 {1-0 (19) Vachier Lagrave,M (2775)-Navara,D (2734) Riga 2019}) 9. e5 dxc3 10. exf6 cxb2 (10... Qxf6 $16 11. Qxf6 (11. dxc3 Qxf3 12. Bxf3 Nd7 $14) (11. bxc3 Nd7 $16) 11... gxf6) 11. Bxb2 $18 g6 12. Qf4 (12. Rab1 $18 {and White stays clearly on top.}) 12... Bd6 $16 13. Qh6 $36 {[%mdl 2048] White fights for an advantage.} Bf8 {[#]} (13... Qc7 $14) 14. Qe3 $1 Nd7 15. Bg4 {Bxe6! is the strong threat.} Nxf6 {[#]} 16. Bxe6 $1 {[%mdl 512]} Be7 (16... fxe6 17. Qxe6+) 17. Bb3 {Threatens to win with Bxf6.} Kf8 $2 (17... O-O {keeps fighting.} 18. Re1 (18. Qh6 Nh5 $14) 18... Bb4) 18. Re1 $18 Bd6 (18... h5 $142 19. Qf3 Kg7) 19. Qc3 Kg7 20. Re3 Rf8 21. Rf3 {[%cal Rf3f6]} Be7 22. Re1 {Intending Rxe7! and mate.} h5 {[#]} 23. Qe3 {Played: Re1xe7} 1-0

[Event "15th Governor Cup 2019"]
[Site "Khanty-Mansiysk"]
[Date "2019.11.20"]
[Round "3.9"]
[White "Bocharov, Dmitry"]
[Black "Najdin, Danil"]
[Result "1-0"]
[WhiteElo "2519"]
[BlackElo "2357"]
[Annotator "TA"]
[PlyCount "53"]
[EventDate "2019.11.19"]
[EventType "swiss"]
[EventCountry "RUS"]
[SourceTitle "playchess.com"]
[Source "ChessBase"]
[SourceQuality "1"]

{[%evp 19,75,33,50,52,64,35,58,60,52,60,72,56,65,56,152,168,140,61,125,37,62,62,63,68,463,457,443,425,400,348,509,511,491,493,477,422,331,120,120,0,360,275,388,377,1289,1290,1244,1241,1439,1232,2001,1944,1397,1333,6070,5306,5106,2220]} 1. Nf3 Nf6 2. c4 g6 3. Nc3 Bg7 4. e4 d6 5. d4 O-O 6. Be2 e5 7. O-O Nc6 8. d5 Ne7 9. Nd2 Nd7 10. b4 a5 11. bxa5 {E97: King's Indian: Classical Main Line (6...e5 7 0-0 Nc6): 8 Be3 and 8 d5 Ne7, not 9 Ne1} Rxa5 12. a4 {[%cal Ba2a4,Ba4a5][%mdl 32]} (12. Nb3 Ra8 13. Be3 f5 14. f3 b6 15. a4 Nc5 16. a5 Bd7 17. Qc2 fxe4 18. fxe4 Rxf1+ 19. Bxf1 Kh8 20. Nxc5 dxc5 21. Qb2 Qb8 22. axb6 Rxa1 23. Qxa1 cxb6 24. Qb2 {½-½ (58) Gelfand,B (2733)-Morozevich,A (2741) Monte Carlo 2007}) 12... Bh6 $146 ({Predecessor:} 12... f5 13. f3 Ra8 14. Nb3 Nf6 15. c5 Nh5 16. Be3 Nf4 17. a5 Bh6 18. cxd6 Nxe2+ 19. Qxe2 Bxe3+ 20. Qxe3 cxd6 21. Nb5 Rf6 22. Qc3 {½-½ (30) Novikov,M (2510)-Domogaev,S (2447) Bogoroditsk 2011}) 13. Nb3 {White is slightly better.} Bxc1 14. Qxc1 ({Much worse is} 14. Nxa5 Bb2 $11) 14... Ra8 15. a5 f5 16. c5 Nxc5 (16... fxe4 $14 17. Nxe4 Nf6 18. Nxf6+ Rxf6) 17. Nxc5 $16 dxc5 18. Rd1 (18. f4 $16) 18... Bd7 (18... fxe4 $14 19. Nxe4 Nf5) 19. Qe3 (19. f4 $16) 19... fxe4 20. Nxe4 Nf5 21. Qxc5 Nd4 $2 {[%mdl 8192]} ({Black should play} 21... b6 $1 $14 22. axb6 Rxa1 23. Rxa1 cxb6) 22. Bc4 $18 Kg7 23. d6 cxd6 24. Qxd6 Re8 {[#]} (24... Qe8 $142 25. Rxd4 exd4) 25. Rxd4 $1 exd4 26. Qxd4+ Kh6 27. Qe3+ {Played: Ne4-f6} 1-0

[Event "15th Governor Cup 2019"]
[Site "Khanty-Mansiysk"]
[Date "2019.11.20"]
[Round "3.10"]
[White "Khanin, Semen"]
[Black "Maltsevskaya, Aleksandra"]
[Result "1/2-1/2"]
[WhiteElo "2503"]
[BlackElo "2332"]
[Annotator "TA"]
[PlyCount "118"]
[EventDate "2019.11.19"]
[EventType "swiss"]
[EventCountry "RUS"]
[SourceTitle "playchess.com"]
[Source "ChessBase"]
[SourceQuality "1"]

{[%evp 9,118,18,14,-11,22,13,33,33,39,31,40,39,70,52,52,48,43,4,32,23,32,33,33,0,0,0,0,6,21,31,75,78,77,78,89,89,90,74,74,74,71,72,70,66,66,38,94,89,103,106,110,114,110,110,123,118,243,198,199,194,194,195,195,201,194,194,243,227,237,175,187,168,168,169,173,0,0,0,0,0,0,0,0,0,0,0,0,0,0,0,0,0,0,0,0,0,0,0,0,0,0,0,0,0,0,0,0,0,0,0,0]} 1. e4 c5 2. Nf3 e6 3. c3 d5 4. exd5 exd5 5. d4 Bd6 6. Be2 {B22: Sicilian: 2 c3} (6. dxc5 Bxc5 7. Bb5+ Nc6 8. O-O Nf6 9. Bg5 O-O 10. Bxf6 Qxf6 11. Qxd5 Bb6 12. Nbd2 Rd8 13. Qh5 Bf5 14. Nc4 Bc7 15. Ne3 Be4 {½-½ (26) Rublevsky,S (2683)-Timofeev,A (2549) Sochi 2017}) 6... Ne7 7. O-O h6 $146 ({Predecessor:} 7... O-O 8. dxc5 Bxc5 9. Nbd2 Nbc6 10. Nb3 Bb6 11. Nbd4 Nf5 12. Bf4 Nfxd4 13. Nxd4 Nxd4 14. cxd4 Bf5 15. Rc1 Qf6 16. Be5 Qg6 17. Rc3 f6 18. Bc7 Bxc7 19. Rxc7 b6 {½-½ (53) Rezsek,G (2032)-Farkas,Z (2180) Hungary 2014}) 8. dxc5 {White is slightly better.} Bxc5 9. Nbd2 a6 10. Nb3 Ba7 11. Bf4 Nbc6 12. Qd2 O-O 13. h3 Nf5 14. Rad1 Be6 15. Bd3 Qf6 16. Bb1 Rad8 17. Nbd4 (17. Qd3 {keeps more tension.} Rfe8 18. Bc7 Rc8 19. Bh2 g6 20. Rde1) 17... Nfxd4 18. Nxd4 Nxd4 19. cxd4 Bf5 {[#]} 20. Bxh6 $1 {[%mdl 512]} gxh6 (20... Qxh6 21. Qxh6) 21. Qf4 Rfe8 22. Bxf5 Kh8 23. b3 Re4 {[#]} 24. Qf3 $1 Rxd4 25. Rxd4 Bxd4 26. Rd1 b6 27. Rd3 Be5 ({Better is} 27... Qe5 $14) 28. g3 $16 a5 29. Qh5 Kg7 30. h4 Rd6 31. Rf3 Qe7 32. Bd3 d4 (32... Bb2 $16 33. Kg2 Rf6) 33. Rf5 Bf6 34. Rf4 Qe5 35. Rg4+ Kf8 36. Qxh6+ Bg7 37. Qc1 {Threatens to win with Qc8+.} Qd5 38. Qc7 Re6 {And now ...Re1+ would win.} 39. Rg5 Re1+ 40. Bf1 Be5 {aiming for ...Rxf1+!} 41. Qc8+ ({Resist} 41. Qxb6 $6 d3 $14) 41... Ke7 {[#] intending ...d3.} 42. f4 $2 (42. Rg8 $1 $18 {Black must now prevent f4.} d3 43. Re8+ (43. Qf8+ Ke6 $16) 43... Kf6 44. Qd8+ Qxd8 45. Rxd8) 42... Rxf1+ $1 $11 {The position is equal.} 43. Kxf1 {[%mdl 4096] Endgame KQR-KQB} Qf3+ 44. Kg1 Qe3+ 45. Kg2 Qe2+ {[%mdl 64] Double Attack} 46. Kh3 Qf1+ 47. Kh2 Qf2+ 48. Kh3 Qf1+ 49. Kg4 Qe2+ 50. Kf5 Qd3+ $1 51. Kg4 Qe2+ 52. Kf5 Qd3+ $1 53. Kxe5 f6+ 54. Kd5 {[%cal Rg5g7]} Qf3+ $1 55. Kxd4 {Rg7+ would kill now.} Qd1+ $1 56. Ke4 {Threatening mate with Rg7+.} Qe2+ 57. Kd5 {[%cal Rg5g7]} Qg2+ 58. Kd4 {White wants to mate with Rg7+.} Qd2+ 59. Ke4 {White threatens Rg7+ and mate.} Qe2+ {Accuracy: White = 67%, Black = 52%.} 1/2-1/2

[Event "15th Governor Cup 2019"]
[Site "Khanty-Mansiysk"]
[Date "2019.11.20"]
[Round "3.11"]
[White "Zakaryan, David"]
[Black "Bilguun, Sumiya"]
[Result "1/2-1/2"]
[WhiteElo "2338"]
[BlackElo "2496"]
[Annotator "TA"]
[PlyCount "163"]
[EventDate "2019.11.19"]
[EventType "swiss"]
[EventCountry "RUS"]
[SourceTitle "playchess.com"]
[Source "ChessBase"]
[SourceQuality "1"]

{[%evp 21,163,9,20,8,39,25,40,28,46,43,43,11,6,3,6,0,2,-27,-31,-110,-105,-105,-111,-107,-104,-116,-93,-121,-129,-121,-109,-201,-196,-195,-147,-204,-192,-203,-105,-98,-97,-99,-106,-105,-94,-93,-11,-12,-11,-18,0,0,0,0,0,0,0,0,0,0,0,-1,0,0,0,0,0,-8,-8,-2,0,0,0,0,0,0,0,0,0,0,0,0,0,0,0,0,0,0,0,0,0,0,0,0,0,0,0,0,0,0,0,0,0,0,0,0,0,0,0,0,0,0,0,0,0,0,0,0,0,0,0,0,0,0,0,0,0,0,0,0,0,0,0,0,0,0,0,0,0,0,0,0,0,0]} 1. e4 c5 2. Nf3 e6 3. Nc3 a6 4. d4 cxd4 5. Nxd4 b5 6. Bd3 Bb7 7. O-O Ne7 8. f4 Nbc6 9. Be3 Nxd4 10. Bxd4 Nc6 11. Be3 Be7 12. Qh5 {B43: Sicilian: Kan Variation: 5 Nc3} g6 (12... O-O 13. Rf3 g6 14. Qh6 f5 15. exf5 exf5 16. Nd5 Rf7 17. Bb6 Qf8 18. Qxf8+ Bxf8 19. Re3 Nd8 {½-½ (50) Dubov,D (2666)-Artemiev,V (2692) Sochi 2017}) 13. Qh6 {[#]} Bf8 $146 ({Predecessor:} 13... Rc8 14. Rae1 Bf8 15. Qh3 Bg7 16. e5 Nb4 17. Be4 Bxe4 18. Nxe4 O-O 19. c3 Nc2 20. Rd1 Rc4 21. Nd6 Nxe3 22. Qxe3 Rc6 23. Ne4 f6 24. exf6 Bxf6 25. Qa7 d5 26. Nxf6+ {½-½ (25) Grosar,A (2370)-Hulak,K (2520) Bled 1991}) 14. Qh3 $1 {White is slightly better.} Bg7 15. e5 d5 16. exd6 Qxd6 17. Ne4 Qc7 $1 18. a4 O-O 19. Qh4 Ne7 $36 {[%mdl 2048] And now ...Nf5 would win. Black has some pressure.} 20. axb5 (20. Nf6+ $15 Bxf6 21. Qxf6) 20... Nf5 $17 21. Qf2 {[#] Threatens to win with Bb6.} Nxe3 22. Qxe3 {[%cal Rb5a6]} axb5 23. Rxa8 Rxa8 24. b4 Rd8 25. Kh1 Qc6 26. Qc5 (26. Qe2 $17) 26... Rd4 $19 27. Re1 Qxc5 28. bxc5 (28. Nxc5 $17 Bc6 29. Be4 Bxe4 30. Nxe4) 28... b4 29. Nd6 Bc6 (29... Bd5 $19 30. Ne8 Bh8) 30. Nc8 $17 {aiming for Ne7+.} Rd7 31. Rb1 Bc3 32. Nd6 Rd8 33. Be4 {[#]} Bxe4 ({And not} 33... Rxd6 34. cxd6 Bd7 35. h3 $16) ({Black should play} 33... Ba4 $1 $17) 34. Nxe4 {[%mdl 4096] Endgame KRB-KRN. The position is equal.} Bg7 35. Nd6 Bf8 36. Rxb4 Bxd6 37. cxd6 Rxd6 $11 {[%cal Rd6d1] KR-KR} 38. h4 Kg7 39. Rc4 Kf6 40. Kh2 Kf5 41. Rc7 Kf6 42. g4 h5 43. gxh5 gxh5 44. Kg3 Rd1 45. Rc5 Kg6 46. Rg5+ Kh6 47. Re5 Rg1+ 48. Kf3 Rf1+ 49. Kg3 Rg1+ 50. Kf3 Rg4 51. f5 exf5 52. Rxf5 Kg6 53. Rf4 f5 54. c3 Rg1 55. Rc4 Rf1+ 56. Kg2 Re1 57. Rc6+ Kg7 58. Rc5 Kf6 59. Rc4 Re3 60. Rc6+ Ke5 61. Rc5+ Ke6 62. Rc4 Rd3 63. Kf2 Rh3 (63... Kd5 {feels hotter.} 64. Ra4 Rxc3 65. Ra8 Rc4 66. Kg3 Rg4+) 64. Kg2 Rd3 65. Kf2 Kd5 (65... Rh3 {with more complications.}) 66. Rf4 (66. Ra4 {is interesting.} Rxc3 67. Ra8 Rc4 68. Kg3 Rg4+ 69. Kh3) 66... Ke5 67. Rc4 f4 (67... Ke6 {keeps more tension.} 68. Kg2 Kd5 69. Rf4 Ke5 70. Rc4 Rd1) 68. Rc8 Kf5 69. c4 Kg4 70. Rg8+ Kxh4 71. c5 Rc3 72. Rc8 Kg4 {Black wants to play ...Rc2+.} 73. Rg8+ Kh3 74. Rc8 h4 75. c6 Kh2 76. Rh8 Kh3 77. Rc8 Kh2 78. Rh8 h3 79. Rh6 Kh1 80. Rg6 Rc2+ 81. Kf3 Rc4 82. Rh6 {Accuracy: White = 79%, Black = 68%.} 1/2-1/2

[Event "15th Governor Cup 2019"]
[Site "Khanty-Mansiysk"]
[Date "2019.11.20"]
[Round "3.12"]
[White "Belyakov, Bogdan"]
[Black "Chinguun, Sumiya"]
[Result "0-1"]
[WhiteElo "2495"]
[BlackElo "2307"]
[Annotator "TA"]
[PlyCount "46"]
[EventDate "2019.11.19"]
[EventType "swiss"]
[EventCountry "RUS"]
[SourceTitle "playchess.com"]
[Source "ChessBase"]
[SourceQuality "1"]

{[%evp 25,102,6,15,0,12,0,0,0,0,-28,-17,-75,-83,-89,-66,-87,-85,-92,-93,-168,-149,-182,-181,-197,-199,-198,-135,-127,-119,-237,-215,-241,-191,-170,-158,-158,-160,-154,-162,-162,-166,-243,-238,-243,-240,-239,-184,-316,-333,-417,-415,-528,-537,-584,-583,-579,-577,-569,-567,-521,-526,-599,-591,-682,-660,-625,-616,-727,-742,-5173,-5089,-4786,-4716,-29988,-29989,-29989,-29990,-29990,-29991]} 1. e4 c5 2. c3 d5 3. exd5 Qxd5 4. d4 Nf6 5. Nf3 Nc6 6. Be2 cxd4 7. cxd4 e6 8. Nc3 Qd6 9. O-O Be7 10. Nb5 Qd8 11. Bf4 Nd5 12. Bg3 a6 13. Nc3 O-O 14. Bc4 {B22: Sicilian: 2 c3} Nf6 (14... Nxc3 15. bxc3 b5 16. Bd3 Bb7 17. a4 b4 18. Rb1 Bf6 19. Be4 a5 20. cxb4 axb4 21. Bxc6 {½-½ (21) Zvjaginsev,V (2660)-Moiseenko,A (2692) Berlin 2015}) 15. a3 b5 16. Ba2 {The position is equal.} Bb7 17. b4 $146 ({Predecessor:} 17. Qd3 b4 18. Ne2 Nd5 19. Nf4 Nxf4 20. Bxf4 Qa5 21. d5 exd5 22. Qxd5 Qxd5 23. Bxd5 Rad8 24. Rfd1 {½-½ (24) Knudsen,J (2482)-Runting,T (2426) ICCF email 2001}) 17... a5 18. Nxb5 (18. d5 $11 {remains equal.} exd5 19. Nxd5) 18... axb4 $17 19. a4 Rc8 20. Rc1 Nd5 21. Qd3 Ba6 22. Bb1 (22. Qe4 $17 {is a better defense.}) 22... g6 $19 23. Qd2 {[#]} Qb6 {Played: Nd5-c3} 0-1

[Event "15th Governor Cup 2019"]
[Site "Khanty-Mansiysk"]
[Date "2019.11.20"]
[Round "3.13"]
[White "Nesterov, Arseniy"]
[Black "Lysenko, Margarita"]
[Result "1-0"]
[WhiteElo "2489"]
[BlackElo "2243"]
[Annotator "ChessBase"]
[PlyCount "83"]
[EventDate "2019.11.19"]
[EventType "swiss"]
[EventCountry "RUS"]
[SourceTitle "playchess.com"]
[Source "ChessBase"]
[SourceQuality "1"]
[TimeControl "5400+30"]

1. d4 {[%emt 0:00:00]} Nf6 {[%emt 0:00:00]} 2. c4 {[%emt 0:00:00]} e6 {[%emt 0:00:00]} 3. Nf3 {[%emt 0:00:00]} b6 {[%emt 0:00:00]} 4. a3 {[%emt 0:00:00]} Bb7 {[%emt 0:00:30]} 5. Nc3 {[%emt 0:00:03]} Ne4 {[%emt 0:05:55]} 6. Qc2 {[%emt 0:06:43]} Nxc3 {[%emt 0:06:08]} 7. Qxc3 {[%emt 0:00:09]} Be7 {[%emt 0:03:08]} 8. Bf4 {[%emt 0:04:13]} O-O {[%emt 0:04:06]} 9. e3 {[%emt 0:00:10]} f5 {[%emt 0:10:16]} 10. h3 {[%emt 0:03:36]} a5 {[%emt 0:06:47]} 11. Be2 {[%emt 0:12:02]} a4 {[%emt 0:06:24]} 12. O-O-O {[%emt 0:13:43]} d6 {[%emt 0:05:42]} 13. Rhg1 {[%emt 0:02:56]} Nd7 {[%emt 0:08:42]} 14. g4 {[%emt 0:04:01]} Nf6 {[%emt 0:04:16]} 15. Ng5 {[%emt 0:12:34]} Ne4 {[%emt 0:01:38]} 16. Nxe4 {[%emt 0:00:03]} fxe4 {[%emt 0:00:52]} 17. g5 {[%emt 0:00:10]} Qe8 {[%emt 0:04:20]} 18. Bg4 {[%emt 0:01:59]} Bd8 {[%emt 0:00:44]} 19. h4 {[%emt 0:03:09]} d5 {[%emt 0:02:18]} 20. h5 {[%emt 0:05:35]} Qd7 {[%emt 0:07:13]} 21. h6 {[%emt 0:00:50]} g6 {[%emt 0:00:09]} 22. f3 {[%emt 0:02:41]} exf3 {[%emt 0:00:41]} 23. Bxf3 {[%emt 0:00:05]} c6 {[%emt 0:06:58]} 24. Qc2 {[%emt 0:04:38]} b5 {[%emt 0:00:21]} 25. c5 {[%emt 0:00:08]} Ba5 {[%emt 0:01:25]} 26. Bg4 {[%emt 0:00:53]} b4 {[%emt 0:03:10]} 27. Bd6 {[%emt 0:00:21]} bxa3 {[%emt 0:01:15]} 28. bxa3 {[%emt 0:00:04]} Rf5 {[%emt 0:03:51]} 29. Bxf5 {[%emt 0:00:17]} exf5 {[%emt 0:00:06]} 30. Kb1 {[%emt 0:00:56]} Ba6 {[%emt 0:00:37]} 31. Ka1 {[%emt 0:00:23]} Bc4 {[%emt 0:00:47]} 32. Rb1 {[%emt 0:00:23]} Qa7 {[%emt 0:03:20]} 33. Rgc1 {[%emt 0:04:38]} Qa6 {[%emt 0:00:27]} 34. Qh2 {[%emt 0:01:39]} Re8 {[%emt 0:01:05]} 35. Rb8 {[%emt 0:00:58]} Rxb8 {[%emt 0:00:54]} 36. Qe5 {[%emt 0:01:29]} Qb7 {[%emt 0:01:42]} 37. Bxb8 {[%emt 0:00:08]} Qd7 {[%emt 0:00:32]} 38. Qd6 {[%emt 0:02:16]} Qe8 {[%emt 0:01:03]} 39. Qf6 {[%emt 0:00:25]} Qf8 {[%emt 0:00:54]} 40. Qe6+ {[%emt 0:01:38]} Qf7 {[%emt 0:00:10]} 41. Qxc6 {[%emt 0:00:08]} Bd2 {[%emt 0:00:51]} 42. Bd6 {[%emt 0:00:18]} 1-0

[Event "15th Governor Cup 2019"]
[Site "Khanty-Mansiysk"]
[Date "2019.11.20"]
[Round "3.14"]
[White "Lugovskoy, Maxim"]
[Black "Skvortsov, Andrey"]
[Result "1-0"]
[WhiteElo "2444"]
[BlackElo "2137"]
[Annotator "TA"]
[PlyCount "71"]
[EventDate "2019.11.19"]
[EventType "swiss"]
[EventCountry "RUS"]
[SourceTitle "playchess.com"]
[Source "ChessBase"]
[SourceQuality "1"]

{[%evp 17,71,0,6,0,0,0,0,9,10,7,0,0,4,0,0,0,3,-35,-44,-252,4,0,3,8,1,8,8,0,0,-42,31,12,94,94,80,72,118,110,383,380,382,376,379,376,401,404,2156,1995,5410,430,5265,443,503,501,497,436]} 1. e4 e5 2. Nf3 Nf6 3. Nc3 Nc6 4. d4 exd4 5. Nxd4 Bb4 6. Nxc6 bxc6 7. Bd3 O-O 8. O-O d5 9. exd5 cxd5 10. h3 {C47: Scotch Four Knights and Four Knights with 4 g3} (10. Bg5 c6 11. Qf3 Bd6 12. Rae1 Rb8 13. Nd1 h6 14. Bxf6 Qxf6 15. Qxf6 gxf6 16. b3 f5 17. Ne3 f4 18. Nf5 Bxf5 19. Bxf5 Kg7 20. g3 Kf6 21. Bd3 {½-½ (30) Movsesian,S (2654)-Ding,L (2811) Khanty-Mansiysk 2019}) 10... c6 11. Qf3 h6 12. Bf4 {The position is equal.} Bd6 13. Ne2 Re8 14. Rfe1 Bxf4 $146 ({Predecessor:} 14... Be6 15. c3 Rb8 16. b3 Qc7 17. Bxh6 Ne4 {1-0 (46) Alexakis,G (2048)-Bardis,H (1797) Achaia 2017}) 15. Qxf4 c5 16. c4 Be6 17. Nc3 dxc4 18. Bxc4 $2 ({White should try} 18. Bf5 $15) 18... Nh5 $2 ({Black should play} 18... g5 $19 19. Qf3 Bxc4 20. Rxe8+ Nxe8) 19. Qf3 $11 {Strongly threatening Bxe6.} Bxc4 20. Rxe8+ Qxe8 21. Qxh5 Qc6 22. Re1 Rb8 23. Qe5 Rd8 (23... Rxb2 $15 24. Rd1 Qf6 $1 {[%mdl 512]} 25. Qxf6 gxf6) 24. Qe7 $36 {[%mdl 2048] White is more active.} Ra8 (24... Rc8 $11) 25. Re5 $16 Qa6 26. a4 Bb3 {[#]} 27. a5 $1 {[%mdl 64] Deflection} ({Don't do} 27. Rxc5 Bxa4 28. Qc7 (28. Qe4 Re8 $11) 28... Be8 $14) 27... Qxa5 $2 {[%mdl 8192]} (27... Be6 $16 {keeps fighting.}) 28. Qb7 $18 {[%mdl 64] Double Attack} Rd8 29. Qxb3 Qc7 30. Re1 c4 31. Qb5 Rb8 (31... Kh7 $142 32. Qf5+ Kh8) 32. Re8+ {White is clearly winning.} Rxe8 33. Qxe8+ Kh7 34. Qe4+ (34. Nd5 $142 Qa5 35. Ne7 Qe1+ 36. Kh2 Qe5+ 37. g3) 34... Kg8 35. Nd5 Qb8 36. Qd4 {Accuracy: White = 54%, Black = 36%.} 1-0

[Event "15th Governor Cup 2019"]
[Site "Khanty-Mansiysk"]
[Date "2019.11.20"]
[Round "3.15"]
[White "Skatchkov, Valery"]
[Black "Remizov, Yaroslav"]
[Result "1/2-1/2"]
[WhiteElo "2309"]
[BlackElo "2394"]
[Annotator "ChessBase"]
[PlyCount "33"]
[EventDate "2019.11.19"]
[EventType "swiss"]
[EventCountry "RUS"]
[SourceTitle "playchess.com"]
[Source "ChessBase"]
[SourceQuality "1"]
[TimeControl "5400+30"]

1. d4 {[%emt 0:01:23]} d5 {[%emt 0:00:00]} 2. c4 {[%emt 0:00:09]} e6 {[%emt 0:00:00]} 3. Nf3 {[%emt 0:00:04]} Nf6 {[%emt 0:00:36]} 4. g3 {[%emt 0:00:56]} Be7 {[%emt 0:00:25]} 5. Bg2 {[%emt 0:00:08]} O-O {[%emt 0:00:17]} 6. O-O {[%emt 0:00:18]} dxc4 {[%emt 0:00:21]} 7. Ne5 {[%emt 0:02:01]} Nc6 {[%emt 0:00:14]} 8. Bxc6 {[%emt 0:00:19]} bxc6 {[%emt 0:00:24]} 9. Nxc6 {[%emt 0:00:05]} Qe8 {[%emt 0:06:33]} 10. Nxe7+ {[%emt 0:00:05]} Qxe7 {[%emt 0:00:02]} 11. Qa4 {[%emt 0:00:13]} e5 {[%emt 0:00:43]} 12. dxe5 {[%emt 0:01:59]} Qxe5 {[%emt 0:00:26]} 13. Qxc4 {[%emt 0:00:03]} Be6 {[%emt 0:00:27]} 14. Qc2 {[%emt 0:02:42]} Bf5 {[%emt 0:07:17]} 15. Qc4 {[%emt 0:00:09]} Be6 {[%emt 0:00:57]} 16. Qc2 {[%emt 0:00:06]} Bf5 {[%emt 0:00:18]} 17. Qc4 {[%emt 0:00:03]} 1/2-1/2